000
00300nam a22001337a 4500
008
170216b xxu||||| |||| 00| 0 eng d
020
_a
9780834207363
041
_a
eng
080
_2
4ED
_a
61
100
_a
4
101
_a
SHM
245
_a
ESSENTIALS HEALTH CARE FINANCE
_c
CLEVERLEY
942
_2
udc
_c
BK
999
_c
5616
_d
5616